[Event "BL 2018-19"]
[Site "Berlin"]
[Date "2019.03.10"]
[Round "13.9"]
[White "Kryvoruchko, Yuriy"]
[Black "Kraemer, Martin"]
[Result "1-0"]
[WhiteElo "2698"]
[BlackElo "2582"]
[Annotator "TA"]
[PlyCount "143"]
[EventDate "2018.11.10"]
[EventType "team-tourn"]
[EventCountry "GER"]
[SourceTitle "playchess.com"]
[Source "ChessBase"]
[SourceQuality "1"]
[WhiteTeam "Viernheim"]
[BlackTeam "SF Berlin"]

{[%evp 13,143,28,25,0,9,12,12,14,18,14,12,19,80,13,29,16,33,31,28,6,32,32,43,24,51,29,33,38,37,34,42,52,47,43,41,51,43,45,62,42,44,44,44,44,45,45,47,40,63,72,77,76,101,101,101,107,104,119,143,146,136,119,143,54,131,0,137,132,137,137,140,149,144,141,176,161,168,177,205,202,276,290,257,274,245,153,127,126,139,116,145,134,135,112,112,112,227,207,204,180,438,262,326,305,434,434,438,438,434,434,420,411,434,434,474,333,434,420,412,405,393,393,382,341,1285,592,1251,1317,1243,1183,1158,1151]} 1. c4 e6 2. Nc3 d5 3. d4 Be7 4. cxd5 exd5 5. Bf4 c6 6. e3 Bf5 7. g4 Be6 8. Qb3 {D31: Queen's Gambit Declined: Semi-Slav without ...Nf6 (+ Marshall Gambit and Noteboom) and Exchange Variation lines without ...Nf6} Qb6 9. f3 g5 10. Be5 {The position is equal.} f6 11. Bg3 h5 12. gxh5 Nd7 $146 (12... Qxb3 $11 {keeps the balance.} 13. axb3 Bb4) ({Predecessor:} 12... Qxb3 13. axb3 Rxh5 14. Bd3 f5 15. Bxb8 Rxb8 16. Rxa7 {1-0 (47) Li,C (2725)-Zhang,Z (2374) Hangzhou 2018}) 13. Bd3 ({Better is} 13. Qc2 $16) 13... Qxb3 $1 $11 14. axb3 f5 15. Nge2 Rxh5 16. h4 Kf7 17. Kd2 gxh4 18. Nf4 Rh8 19. Nce2 Bg5 20. Ng2 {[%cal Rg2h4]} Ne7 21. Bxh4 Bxh4 22. Nxh4 Nf6 23. Ng2 Rxh1 24. Rxh1 Rg8 25. Ngf4 Ng6 26. Ke1 Nxf4 27. Nxf4 a5 28. Kf2 Ke7 29. Rh6 Kf7 30. Ne2 Kg7 31. Rh1 Rf8 32. Rg1+ Kh6 33. Nf4 Bd7 34. Bc2 b6 35. Nd3 Be6 36. Ne5 c5 37. Bd3 Kh7 38. Ng6 (38. Rc1 $16) 38... Rf7 (38... Rg8 $14 39. Ne7 Rxg1 40. Kxg1 cxd4) 39. Ne5 Rf8 $1 40. Bb5 Rc8 41. Rg6 Rf8 42. Ke1 Kh8 43. Kd2 f4 44. exf4 Bf5 45. Rg5 Nh7 46. Rg1 cxd4 {[#]} 47. Bd3 $1 Bxd3 48. Kxd3 $18 {[%mdl 4096] Endgame KRN-KRN} Rf6 49. Ng6+ (49. Kxd4 $6 Rxf4+ 50. Kxd5 Nf6+ 51. Ke6 Kh7) 49... Kg7 50. Ne7+ Kf7 51. Nxd5 Rc6 52. Re1 {aiming for Re7+.} Nf6 53. Re5 {[#] Hoping for Rf5.} (53. Kxd4 $6 Nxd5 54. Kxd5 Rc2 $14) 53... Nxd5 54. Rxd5 $16 {KR-KR} Ke6 (54... Rc1 $16) 55. Rb5 $18 ({Don't take} 55. Kxd4 $6 Rc2 $16) ({Don't do} 55. Rxd4 $6 Kf5 $16) 55... Rd6 56. b4 Kf6 $2 (56... a4 57. Re5+ Kf7 58. Rf5+ Ke7 59. Re5+ Kf7) 57. Rh5 (57. b3 $142 axb4 58. Rxb4) 57... Kg6 58. Re5 axb4 (58... Kf7 $142 59. Re4 (59. bxa5 bxa5 60. Rxa5 Rb6 $16) 59... Rd5) 59. Rg5+ Kf6 60. Rb5 b3 61. Rxb3 Kf5 62. Rb4 Rh6 63. Rxd4 Rh1 64. Rb4 Rf1 65. Ke2 Rb1 66. Rxb6 Kxf4 67. Rb4+ Ke5 68. f4+ Kf5 $2 (68... Kd5 69. f5 Ke5 70. Rb5+ Kf6) 69. Kd2 {White is clearly winning.} Rf1 70. Rd4 Rf3 71. Kc2 Rh3 72. b4 {Accuracy: White = 75%, Black = 40%.} 1-0

[Event "BL 2018-19"]
[Site "Berlin"]
[Date "2019.03.24"]
[Round "13.9"]
[White "Demchenko, Anton"]
[Black "Kindermann, Stefan"]
[Result "1-0"]
[WhiteElo "2679"]
[BlackElo "2500"]
[Annotator "TA"]
[PlyCount "113"]
[EventDate "2018.11.10"]
[EventType "team-tourn"]
[EventCountry "GER"]
[SourceTitle "playchess.com"]
[Source "ChessBase"]
[SourceQuality "1"]
[WhiteTeam "Duesseldorf"]
[BlackTeam "Zugzwang Muenchen"]

{[%evp 9,113,22,23,19,22,10,10,8,13,13,13,24,26,10,7,16,37,0,15,0,8,0,0,0,4,-7,0,0,0,0,0,0,0,0,0,0,0,0,0,0,0,0,0,0,0,0,0,0,0,-66,-43,-47,-41,-119,-96,-113,0,0,0,0,0,0,0,-70,-43,-70,0,0,45,46,64,64,54,61,66,69,58,62,62,70,67,52,85,88,97,103,98,108,103,100,126,137,137,137,138,135,114,114,284,284,284,259,259,256,209,208]} 1. e4 e6 2. d4 d5 3. Nd2 Be7 4. Ngf3 Nf6 5. e5 Nfd7 6. c3 {C03: French Tarrasch: Unusual Black 3rd moves} c5 7. Be2 (7. Bd3 b6 8. O-O Ba6 9. Bxa6 Nxa6 10. Qe2 Nab8 11. c4 dxc4 12. Nxc4 O-O 13. Qe4 Na6 {½-½ (45) Movsesian,S (2629)-Caruana,F (2828) chess.com INT 2019}) 7... Nc6 8. O-O {The position is equal.} O-O 9. Re1 f6 10. exf6 Nxf6 11. Bd3 Qb6 12. a3 $146 ({Predecessor:} 12. Nf1 cxd4 13. cxd4 Bd7 14. a3 a5 15. Ng3 Ng4 16. Be3 {½-½ (16) Korneev,O (2560)-Pert,R (2408) Telford 2018}) 12... a5 13. Ng5 c4 14. Bc2 e5 $1 15. dxe5 Ng4 {[%mdl 64] Double Attack} 16. Ndf3 Qxf2+ 17. Kh1 $132 {[%mdl 2048] White is not keeping still} Qc5 {( -> ...Nf2+)} 18. Nh3 Be6 19. Bg5 h6 20. Nd4 Nxd4 21. Bxe7 Qxe7 22. Qxd4 Rac8 23. Kg1 Qc5 24. Qxc5 Rxc5 25. Rad1 Bf5 26. Bxf5 Rxf5 27. e6 {Black must now prevent e7.} Kf8 28. Rd4 Re5 $1 {[%cal Re5e1]} 29. Rf1+ (29. Red1 $11 Re4 30. Rxe4 dxe4 31. Rd8+ Ke7 32. Rd7+ {[%mdl 64] Double Attack} Kxe6 33. Rxg7) 29... Nf6 $15 30. Nf4 Ke8 31. Rdd1 ({White should try} 31. h4 $15) 31... Rb5 32. Rd2 g5 (32... Rb6 $17 33. g3 g5) 33. Ne2 $1 $11 Ne4 34. Rc2 Rb6 35. Nd4 Nc5 36. Rcf2 (36. Rf6 $1 $11) 36... Nxe6 $15 37. Rf6 Ra6 (37... Ke7 $15 38. Rxh6 Rxb2 39. Rh7+ Kd6) 38. Nb5 $11 Rc6 {Black wants to play ...Nf4.} 39. Rxh6 Nf4 40. Rh8+ Kd7 41. g3 Nd3 $1 42. Rf7+ Re7 43. Rxe7+ Kxe7 $14 {[%mdl 4096] Endgame KRN-KRN} 44. Rh7+ Kf8 45. Rxb7 Re6 46. Nd4 Re1+ 47. Kg2 g4 48. h3 gxh3+ 49. Kxh3 Rb1 50. Kg4 Rxb2 51. Rxb2 Nxb2 $16 {KN-KN} 52. Kf4 Nd1 53. Ne2 a4 $2 {[#]} (53... Ke7 $16 {is a better defense.}) 54. Ke5 $1 $18 Ne3 {[#]} 55. Nd4 $1 Ke7 56. Nc6+ Kd7 57. Nb4 {Accuracy: White = 84%, Black = 62%.} 1-0

[Event "BL 2018-19"]
[Site "Berlin"]
[Date "2019.03.24"]
[Round "13.9"]
[White "Leko, Peter"]
[Black "Duda, Jan-Krzysztof"]
[Result "1/2-1/2"]
[WhiteElo "2679"]
[BlackElo "2731"]
[Annotator "TA"]
[PlyCount "88"]
[EventDate "2018.11.10"]
[EventType "team-tourn"]
[EventCountry "GER"]
[SourceTitle "playchess.com"]
[Source "ChessBase"]
[SourceQuality "1"]
[WhiteTeam "SF Deizisau"]
[BlackTeam "Hamburg SK"]

{[%evp 24,88,30,16,17,17,13,-53,13,16,19,19,16,15,13,6,8,7,9,11,16,22,16,16,18,15,12,10,15,15,26,13,16,14,7,12,41,8,13,8,8,12,12,10,9,6,45,0,4,0,39,9,11,0,2,0,14,12,17,17,16,16,16,0,15,0,16]} 1. d4 Nf6 2. c4 e6 3. Nf3 d5 4. Nc3 c6 5. e3 Nbd7 6. Qc2 Bd6 7. Bd3 O-O 8. O-O e5 9. cxd5 cxd5 10. e4 exd4 11. Nxd5 Nxd5 12. exd5 h6 13. Nxd4 Qh4 {[%csl Gd6][%cal Rh4h2] [#] D46: Semi-Slav: 5 e3 Nbd7 6 Bd3, Black avoids the Meran} 14. Nf3 Qh5 15. Bh7+ Kh8 {Hoping for ...Nf6.Black is slightly better.} 16. Qf5 $1 {[%cal Rf5h5]} Qxf5 17. Bxf5 Nf6 18. Bd3 {[#]} Nxd5 $146 ({Predecessor:} 18... Bg4 19. Rd1 Rac8 20. h3 Bxf3 21. gxf3 {½-½ (32) Wang,H (2690)-Ding,L (2759) China 2017}) 19. Rd1 Bc5 20. Bc4 Nb6 21. Bb3 Kg8 22. Bf4 Be6 23. Bxe6 fxe6 24. Bg3 Rac8 25. Re1 Rfe8 26. Re2 Be7 27. Kf1 Bf6 28. Rae1 Na4 29. Be5 Nc5 30. Re3 Red8 31. Rc1 {[#] Black must now prevent Bxf6.} Bxe5 32. Nxe5 Na4 33. Rxc8 Rxc8 $11 {[%mdl 4096] Endgame KRN-KRN} 34. Nd3 Nc5 35. Ne5 Na4 36. Nd3 Nc5 37. Ke2 Nxd3 {The position is equal.} 38. Kxd3 {KR-KR} Kf7 39. Re4 Ke7 40. Rc4 Rf8 41. Ke3 Kd6 42. Rd4+ Ke7 43. Rc4 Kd6 44. Rd4+ Ke7 {Accuracy: White = 62%, Black = 67%.} 1/2-1/2

[Event "BL 2018-19"]
[Site "Berlin"]
[Date "2019.03.24"]
[Round "13.10"]
[White "Miton, Kamil"]
[Black "Kamsky, Gata"]
[Result "1/2-1/2"]
[WhiteElo "2589"]
[BlackElo "2666"]
[Annotator "TA"]
[PlyCount "40"]
[EventDate "2018.11.10"]
[EventType "team-tourn"]
[EventCountry "GER"]
[SourceTitle "playchess.com"]
[Source "ChessBase"]
[SourceQuality "1"]
[WhiteTeam "Hamburg SK"]
[BlackTeam "SF Deizisau"]

{[%evp 14,40,40,41,49,2,36,25,32,27,26,14,18,9,23,29,16,0,0,0,0,0,0,0,0,0,0,0,-1]} 1. d4 d5 2. c4 c6 3. Nc3 Nf6 4. e3 g6 5. Nf3 Bg7 6. Be2 O-O 7. O-O a6 8. a4 dxc4 {D94: Grünfeld: 4 Nf3 Bg7 5 e3} (8... a5 9. cxd5 cxd5 10. b3 Bg4 11. Ne1 Bxe2 12. Qxe2 Qb6 13. Nb5 {½-½ (13) Khalifman,A (2614)-Kamsky,G (2677) Moscow 2018}) 9. a5 Bg4 (9... c5 $5) 10. Bxc4 c5 {White has an edge.} 11. d5 $146 ({Predecessor:} 11. dxc5 Qc7 12. b4 Nc6 13. Ba3 {½-½ (52) Huber,F (2007)-Rieling,T (2079) Bayerisch Eisenstein 2018}) 11... Ne8 12. h3 Bxf3 13. Qxf3 Nd6 14. Qe2 Nd7 15. Bd2 {The position is equal.} Nxc4 16. Qxc4 b5 17. axb6 $1 Nxb6 18. Qxc5 Rc8 19. Qb4 Nxd5 20. Nxd5 Qxd5 1/2-1/2

[Event "BL 2018-19"]
[Site "Berlin"]
[Date "2019.03.24"]
[Round "13.10"]
[White "Hertneck, Gerald"]
[Black "Timman, Jan H"]
[Result "1/2-1/2"]
[WhiteElo "2492"]
[BlackElo "2541"]
[Annotator "ChessBase"]
[PlyCount "97"]
[EventDate "2018.11.10"]
[EventType "team-tourn"]
[EventCountry "GER"]
[SourceTitle "playchess.com"]
[Source "ChessBase"]
[SourceQuality "1"]
[WhiteTeam "Zugzwang Muenchen"]
[BlackTeam "Duesseldorf"]
[TimeControl "40/6000+30:3000+30"]

1. d4 {[%emt 0:00:00]} Nf6 {[%emt 0:00:00]} 2. Nf3 {[%emt 0:00:00]} e6 {[%emt 0:00:02]} 3. c4 {[%emt 0:00:00]} Bb4+ {[%emt 0:00:28]} 4. Bd2 {[%emt 0:00:00]} Qe7 {[%emt 0:00:25]} 5. g3 {[%emt 0:00:05]} Nc6 {[%emt 0:00:52]} 6. Nc3 {[%emt 0:00:36]} d5 {[%emt 0:02:55]} 7. a3 {[%emt 0:02:52]} Bxc3 {[%emt 0:00:54]} 8. Bxc3 {[%emt 0:00:05]} Ne4 {[%emt 0:18:18]} 9. Qc2 {[%emt 0:01:25]} f5 {[%emt 0:02:44]} 10. Bg2 {[%emt 0:03:10]} O-O {[%emt 0:01:10]} 11. b4 {[%emt 0:05:51]} a6 {[%emt 0:01:46]} 12. Bb2 {[%emt 0:05:39]} Bd7 {[%emt 0:07:19]} 13. O-O {[%emt 0:00:24]} Be8 {[%emt 0:03:49]} 14. Ne5 {[%emt 0:08:31]} Nxe5 {[%emt 0:02:38]} 15. dxe5 {[%emt 0:00:07]} dxc4 {[%emt 0:01:23]} 16. f3 {[%emt 0:03:42]} c3 {[%emt 0:02:12]} 17. Bc1 {[%emt 0:00:07]} Nd2 {[%emt 0:01:19]} 18. Bxd2 {[%emt 0:17:04]} cxd2 {[%emt 0:00:22]} 19. f4 {[%emt 0:00:22]} Rd8 {[%emt 0:11:33]} 20. Rfd1 {[%emt 0:00:09]} Qd7 {[%emt 0:00:55]} 21. Qc3 {[%emt 0:06:16]} Qb5 {[%emt 0:20:03]} 22. Rxd2 {[%emt 0:02:04]} Rxd2 {[%emt 0:00:07]} 23. Qxd2 {[%emt 0:00:06]} Rf7 {[%emt 0:00:08]} 24. Qe3 {[%emt 0:04:06]} Rd7 {[%emt 0:02:26]} 25. Rc1 {[%emt 0:00:06]} Bh5 {[%emt 0:01:06]} 26. Kf2 {[%emt 0:00:09]} c6 {[%emt 0:00:19]} 27. Rc3 {[%emt 0:03:29]} Kf8 {[%emt 0:05:30]} 28. Rd3 {[%emt 0:06:32]} Rxd3 {[%emt 0:00:08]} 29. Qxd3 {[%emt 0:00:05]} Qxd3 {[%emt 0:00:22]} 30. exd3 {[%emt 0:00:05]} Ke7 {[%emt 0:00:09]} 31. a4 {[%emt 0:01:19]} Kd7 {[%emt 0:02:45]} 32. a5 {[%emt 0:00:07]} Bd1 {[%emt 0:02:31]} 33. Ke3 {[%emt 0:00:10]} Kc7 {[%emt 0:02:02]} 34. Kd4 {[%emt 0:10:45]} b6 {[%emt 0:00:23]} 35. Kc3 {[%emt 0:00:09]} Kb7 {[%emt 0:02:42]} 36. Kd2 {[%emt 0:03:06]} Bb3 {[%emt 0:00:43]} 37. d4 {[%emt 0:00:06]} Bd5 {[%emt 0:00:56]} 38. Bf1 {[%emt 0:00:09]} b5 {[%emt 0:00:19]} 39. Be2 {[%emt 0:00:06]} g6 {[%emt 0:02:50]} 40. g4 {[%emt 0:00:07]} fxg4 {[%emt 0:01:03]} 41. Bxg4 {[%emt 0:50:06]} Kc7 {[%emt 0:50:24]} 42. Ke3 {[%emt 0:01:54]} Kd7 {[%emt 0:01:49]} 43. h4 {[%emt 0:00:27]} h5 {[%emt 0:00:23]} 44. Bd1 {[%emt 0:00:06]} Ke7 {[%emt 0:00:12]} 45. f5 {[%emt 0:04:14]} exf5 {[%emt 0:00:10]} 46. Kf4 {[%emt 0:00:04]} Kf7 {[%emt 0:01:00]} 47. Kg5 {[%emt 0:00:07]} Kg7 {[%emt 0:00:56]} 48. Be2 {[%emt 0:00:55]} Kf7 {[%emt 0:00:09]} 49. Bd1 {[%emt 0:00:21]} 1/2-1/2

[Event "BL 2018-19"]
[Site "Berlin"]
[Date "2019.03.10"]
[Round "13.10"]
[White "Baldauf, Marco"]
[Black "Maze, Sebastien"]
[Result "1/2-1/2"]
[WhiteElo "2470"]
[BlackElo "2602"]
[Annotator "TA"]
[PlyCount "65"]
[EventDate "2018.11.10"]
[EventType "team-tourn"]
[EventCountry "GER"]
[SourceTitle "playchess.com"]
[Source "ChessBase"]
[SourceQuality "1"]
[WhiteTeam "SF Berlin"]
[BlackTeam "Viernheim"]

{[%evp 16,65,58,54,70,62,58,52,56,51,87,89,83,85,77,44,46,47,46,24,35,32,32,32,24,20,63,9,10,6,12,19,17,16,8,0,0,0,0,7,7,0,0,0,18,13,25,13,61,64,58,14]} 1. d4 Nf6 2. c4 g6 3. Nc3 Bg7 4. e4 d6 5. f3 c6 6. Be3 a6 7. c5 b5 8. cxb6 {E80: King's Indian: Sämisch: Lines without early ...0-0} Qxb6 9. Qd2 {LiveBook: 9 Games} Qa5 10. Bd3 Nbd7 11. Nge2 c5 $146 ({Predecessor:} 11... O-O 12. O-O Bb7 13. b4 Qd8 14. Rac1 e5 15. Rfd1 Re8 {0-1 (100) Kumar,N (2444)-Fishbein,A (2481) Charlotte 2017}) 12. O-O cxd4 13. Nxd4 Bb7 14. Rac1 O-O 15. Rfd1 Rfc8 16. Be2 Ne5 17. b3 h5 18. Na4 Qxd2 19. Bxd2 Ned7 {Black wants to play ...Nxe4.} 20. Nc2 d5 {[#]} 21. exd5 (21. e5 $1 $14 {[%mdl 512]}) 21... Nxd5 $11 22. Nb4 Bd4+ 23. Kf1 N7f6 24. Nxd5 Nxd5 25. Rxc8+ Rxc8 26. Bc4 e6 27. Ke2 Be5 28. g3 {[#]} h4 $1 {[%mdl 512]} 29. f4 (29. gxh4 Bxh2) 29... Bf6 30. Rc1 Ne7 31. Bd3 Nf5 32. Rxc8+ Bxc8 33. Bxf5 {Precision: White = 48%, Black = 59%.} 1/2-1/2

[Event "BL 2018-19"]
[Site "Berlin"]
[Date "2019.03.24"]
[Round "13.11"]
[White "Meier, Georg"]
[Black "Kempinski, Robert"]
[Result "1/2-1/2"]
[WhiteElo "2622"]
[BlackElo "2574"]
[Annotator "TA"]
[PlyCount "40"]
[EventDate "2018.11.10"]
[EventType "team-tourn"]
[EventCountry "GER"]
[SourceTitle "playchess.com"]
[Source "ChessBase"]
[SourceQuality "1"]
[WhiteTeam "SF Deizisau"]
[BlackTeam "Hamburg SK"]

{[%evp 27,40,0,0,4,0,0,0,0,0,0,0,-9,-9,-8,-6]} 1. Nf3 Nf6 2. g3 b6 3. Bg2 Bb7 4. c4 c5 5. O-O g6 6. b3 Bg7 7. Bb2 O-O 8. Nc3 d5 9. Nxd5 Nxd5 10. Bxg7 Kxg7 11. cxd5 Qxd5 12. d4 Na6 13. dxc5 Nxc5 14. Qxd5 Bxd5 {The position is equal.} 15. Rfd1 {A30: Symmetrical English: Double Fianchetto and Hedgehog} Rfd8 16. Rac1 Kf6 17. h4 {[#]} h6 $146 ({Predecessor:} 17... Rac8 18. b4 Bxf3 19. Rxd8 Rxd8 20. Bxf3 Ne6 21. Rc3 Nd4 22. Rc7 Nb5 23. Rb7 Rd4 24. a4 Nd6 {½-½ (24) Howell,D (2698)-Van Kampen,R (2646) Germany 2018}) 18. b4 Ne6 19. a3 Bb3 20. Rxd8 Rxd8 1/2-1/2

[Event "BL 2018-19"]
[Site "Berlin"]
[Date "2019.03.10"]
[Round "13.11"]
[White "Fedorchuk, Sergey A."]
[Black "Jakubowski, Krzysztof"]
[Result "1-0"]
[WhiteElo "2611"]
[BlackElo "2510"]
[Annotator "TA"]
[PlyCount "69"]
[EventDate "2018.11.10"]
[EventType "team-tourn"]
[EventCountry "GER"]
[SourceTitle "playchess.com"]
[Source "ChessBase"]
[SourceQuality "1"]
[WhiteTeam "Viernheim"]
[BlackTeam "SF Berlin"]

{[%evp 15,69,8,22,10,44,17,108,10,15,0,12,20,20,14,10,-29,-32,-23,-44,-43,0,0,0,0,-7,-31,-28,-32,101,116,105,-121,-120,-120,-117,-170,-159,-160,322,272,1345,289,243,1,39,38,44,39,104,120,184,175,169,66,332,321]} 1. e4 c5 2. Nf3 d6 3. d4 cxd4 4. Nxd4 Nf6 5. Nc3 a6 6. h3 e6 7. g4 b5 8. Bg2 Bb7 9. O-O {B81: Sicilian Scheveningen: Keres Attack} Nfd7 10. Re1 Qc7 (10... Ne5 $11 {keeps the balance.}) (10... Be7 11. e5 d5 12. a4 b4 13. Nxd5 Bxd5 14. Bxd5 exd5 15. e6 O-O 16. exd7 Qxd7 {1-0 (44) Anand,V (2803)-Volokitin,A (2639) Berlin 2015}) 11. Bf4 $146 (11. a4 $16) ({Predecessor:} 11. a4 bxa4 12. Nd5 Qd8 13. Rxa4 Nc6 14. Bg5 Qxg5 15. Nc7+ Ke7 16. e5 d5 17. Nxa8 {1-0 (28) Haslinger,S (2529)-Gurevich,V (2470) Germany 2009}) 11... Ne5 $11 12. Bg3 g5 13. a4 bxa4 14. Nxa4 Nbd7 15. b3 {[%cal Bb2b3,Bb3b4,Bb4b5][%mdl 32]} h5 16. c4 hxg4 17. hxg4 Ng6 18. c5 Nxc5 19. Rc1 {Nxc5 is the strong threat.} Qd8 20. b4 (20. Nf5 $5) 20... Nd7 21. b5 Nf4 (21... Nde5 $15 {keeps the upper hand.}) 22. Nc6 $1 $16 {[%cal Rc6d8]} Qf6 23. e5 $2 (23. Na5 $1 $16 {[%cal Ra5b7] is necessary to keep the advantage.} Nxg2 24. Kxg2 axb5 25. Nxb7 bxa4 26. Nxd6+ Bxd6 27. Qxd6) 23... Qh6 $17 ({But not} 23... Nxe5 $6 24. Nb6 $11) 24. Bxf4 gxf4 25. exd6 (25. Nc3 $17) 25... axb5 $19 26. Nc5 {[#]} Nxc5 $2 (26... f3 $1 $17 {[%mdl 512] ( -> ...Qh2+)} 27. Qxf3 Nxc5 28. Rxc5 Qh2+ 29. Kf1 Bxd6 30. Rxb5 Ba6) 27. Rxc5 $18 {[%cal Rd6d7]} Qh2+ 28. Kf1 {[%cal Rd6d7]} Rd8 {[#] Strongly threatening ...Rh3!} 29. Qb3 $2 (29. Qd3 $1 $18) 29... Bxd6 {[#]} 30. Rxe6+ $1 $40 {[%mdl 640] White mounts an attack.} Kf8 (30... fxe6 31. Qxe6+) 31. Rf5 {Re8+! would kill now.} Rh7 ({Better is} 31... Rd7 $1 $14) 32. Qxb5 $16 Bxc6 (32... Rd7 $16) 33. Qxc6 $18 Bb4 {[#]} 34. Qf3 (34. Rd5 $1 $18 {[%cal Rd5d8]} Rb8 35. Ree5) 34... Rh3 $2 {[%mdl 8192]} ({Black should play} 34... Rc8 $14 35. Qd1 Qh4) 35. Bxh3 {Accuracy: White = 41%, Black = 35%.} 1-0

[Event "BL 2018-19"]
[Site "Berlin"]
[Date "2019.03.24"]
[Round "13.11"]
[White "Berelowitsch, Alexander"]
[Black "Zysk, Robert"]
[Result "1/2-1/2"]
[WhiteElo "2520"]
[BlackElo "2404"]
[Annotator "TA"]
[PlyCount "49"]
[EventDate "2018.11.10"]
[EventType "team-tourn"]
[EventCountry "GER"]
[SourceTitle "playchess.com"]
[Source "ChessBase"]
[SourceQuality "1"]
[WhiteTeam "Duesseldorf"]
[BlackTeam "Zugzwang Muenchen"]

{[%evp 20,49,25,18,28,28,25,15,7,11,29,28,46,40,49,39,51,27,32,12,11,17,14,18,24,14,18,0,0,0,13,0]} 1. e4 e6 2. d4 d5 3. Nd2 c5 4. exd5 exd5 5. Ngf3 Nf6 6. Bb5+ Bd7 7. Bxd7+ Nbxd7 {[%cal Bb8d7,Bd7c5,Bc5e4][%mdl 32]} 8. O-O Be7 9. dxc5 Nxc5 10. Nb3 Nce4 11. Nfd4 Nd6 {C08: French Tarrasch: 3...c5 4 exd5 exd5 sidelines} (11... Qd7 12. Qf3 O-O 13. Nf5 Bd8 14. Be3 a5 15. Nc5 Qc6 16. Nxe4 dxe4 17. Qg3 g6 18. Rad1 Re8 19. Rd6 Qc8 20. Nh6+ Kg7 21. Bd4 Ra6 22. Rxa6 bxa6 {1-0 (56) Harikrishna,P (2737)-Pelletier,Y (2529) Biel 2017}) 12. Qf3 O-O 13. Nf5 Nxf5 14. Qxf5 Qc8 (14... Re8 {seems wilder.} 15. Be3 g6 16. Qf3 Qc7 17. c3 Ne4) 15. Qxc8 Raxc8 16. c3 Rfe8 $146 ({Predecessor:} 16... h6 17. Be3 b6 18. Rad1 Rfd8 19. Rd3 {1-0 (64) Berdayes Ason,D (2414)-Jaquez,J (2256) Havana 2017}) 17. Be3 b6 18. Bd4 Ne4 19. Rfd1 Bg5 20. Kf1 Nd6 21. Nd2 Nc4 22. Nf3 {[#] Strongly threatening b3.} Bh6 {The position is equal.} 23. Rab1 f6 24. a4 Kf7 25. Rd3 {Accuracy: White = 54%, Black = 78%.} 1/2-1/2

[Event "BL 2018-19"]
[Site "Berlin"]
[Date "2019.03.24"]
[Round "13.12"]
[White "Ftacnik, Lubomir"]
[Black "Nielsen, Peter Heine"]
[Result "1-0"]
[WhiteElo "2512"]
[BlackElo "2635"]
[Annotator "TA"]
[PlyCount "73"]
[EventDate "2018.11.10"]
[EventType "team-tourn"]
[EventCountry "GER"]
[SourceTitle "playchess.com"]
[Source "ChessBase"]
[SourceQuality "1"]
[WhiteTeam "Hamburg SK"]
[BlackTeam "SF Deizisau"]

{[%evp 19,73,22,25,0,0,0,0,0,12,-15,71,71,60,60,60,64,73,38,144,141,146,132,131,131,138,121,129,143,140,127,135,135,183,183,183,183,183,183,183,152,276,276,400,393,390,387,353,286,356,330,402,328,346,337,608,604]} 1. d4 Nf6 2. Nf3 d5 3. c4 e6 4. g3 Be7 5. Bg2 O-O 6. O-O dxc4 7. Qc2 c6 8. Qxc4 b5 9. Qc2 Bb7 10. Nc3 {D30: Queen's Gambit Declined: Systems without Nc3} (10. Bg5 Nbd7 11. Bxf6 Bxf6 12. Nbd2 c5 13. dxc5 Rc8 14. Nb3 Bd5 15. Rfd1 a5 16. e4 Bxb3 17. Qxb3 Rxc5 18. a4 b4 {0-1 (44) Maghsoodloo,P (2688)-Ganguly,S (2621) Makati 2018}) 10... Nbd7 {[%cal Bb8d7,Bd7c5,Bc5e4][%mdl 32] LiveBook: 25 Games} 11. a3 c5 $146 ({Predecessor:} 11... Qb6 12. e4 c5 13. e5 Nd5 14. Bg5 f6 15. Nxd5 Bxd5 16. exf6 gxf6 17. Bh6 {0-1 (69) Ismail,S (2178)-Fowler,S (2204) Budapest 2007}) 12. dxc5 {The position is equal.} Nxc5 13. b4 Nce4 {[#] Hoping for ...Rc8.} 14. Ng5 {[%cal Rc3e4]} Rc8 (14... Nxc3 $11 {keeps the balance.} 15. Bxb7 Rb8) 15. Ngxe4 $16 Nxe4 16. Bxe4 Bxe4 17. Qxe4 {[#] aiming for Rd1.} Rxc3 18. Bb2 Rc4 ({Black should play} 18... Rc7 $1 $14) 19. Qe5 {[%csl Gb2][%cal Re5g7]} Bf6 20. Qxb5 Rc2 21. Bxf6 Qxf6 22. Rac1 Rxc1 23. Rxc1 {[%mdl 4096] Endgame KQR-KQR} Qb2 24. Rc7 Qxa3 25. Qc5 h5 26. Rxa7 Qb2 27. Qc4 Rd8 28. Qf4 $40 {[%mdl 128] Black is in trouble.} Qb1+ 29. Kg2 f6 (29... Qf5 $16 30. Qxf5 exf5) 30. Qc4 $18 Qf5 (30... Kh7 {might work better.} 31. Qxe6 Qxb4 32. Qxf6 Qe4+ 33. f3 Qxe2+ 34. Kh3 Rg8 35. Qf5+ Kh6) 31. e4 Qe5 32. Ra5 Qd6 33. Ra6 Qd7 34. Rxe6 Kh8 35. h4 Rb8 {If Black can now play ...Rxb4 this consolidates a bit.} 36. Ra6 Qb7 $2 (36... Qb5 37. Qe6 Qxb4) 37. Ra5 {Precision: White = 86%, Black = 41%.} 1-0